00637cam a22002291 4500001001300000003000400013005001700017008004100034010001700075035002000092040001800112042001200130050001400142100001800156245003700174260004000211300003800251500001700289500003400306651005000340999001700390rc 01000880 DLC20260227111901.0871001s1883 cauab 000 0 eng  arc 01000880  a(OCoLC)16797089 aDLCcCLUdDLC apremarc00aF867b.R51 aRice, George.10aSouthern California illustrated. aLos Angeles, Cal.,bG. Ricec[1883] a64 p.billus. (incl. map)c31 cm. aCover-title. aIncluding advertising matter. 0aCalifornia, SouthernxDescription and travel. c51938d51938